| 000 | 01754nam a2200433Ii 4500 | ||
|---|---|---|---|
| 001 | DIGCOJAL0096 | ||
| 003 | NyNyDIG | ||
| 006 | m o d | ||
| 007 | cr ||||||||||| | ||
| 008 | 250404s2023 mx a ob 000 0 spa d | ||
| 035 | _a(OCoLC)1514492336 | ||
| 040 |
_aDGITA _beng _erda _epn _cDGITA |
||
| 020 | _z9786078831272 | ||
| 043 | _an-mx--- | ||
| 050 | 1 | 4 | _aJL1291 ebook |
| 245 | 0 | 0 |
_aRégimen, partidos y políticas públicas en tiempos de la "4t" / _cJavier Rosiles Salas, Alberto Arellano Ríos, Juan Pablo Navarrete Vela, coordinadores. |
| 250 | _aPrimera edición. | ||
| 264 | 1 |
_aZapopan, Jalisco : _bEl Colegio de Jalisco, _c2023. |
|
| 300 |
_a1 online resource : _billustrations. |
||
| 336 |
_atext _btxt _2rdacontent |
||
| 337 |
_acomputer _bc _2rdamedia |
||
| 338 |
_aonline resource _bcr _2rdacarrier |
||
| 347 |
_atext file _2rdaft |
||
| 347 | _bPDF | ||
| 504 | _aIncludes bibliographical references. | ||
| 588 | 0 | _aOnline resource; title from PDF title page (Digitalia, viewed April 4, 2025) | |
| 600 | 1 | 0 | _aLópez Obrador, Andrés Manuel. |
| 650 | 0 |
_aDemocracy _zMexico _y21st century. |
|
| 650 | 0 |
_aPopulism _zMexico _y21st century. |
|
| 700 | 1 |
_aRosiles Salas, Javier, _eeditor. |
|
| 700 | 1 |
_aArellano Ríos, Alberto, _eeditor. |
|
| 700 | 1 |
_aNavarrete Vela, Juan Pablo, _eeditor. |
|
| 776 | 0 | 8 |
_iPrint version: _tRégimen, partidos y políticas públicas en tiempos de la "4t". _bPrimera edición. _dZapopan, Jalisco : El Colegio de Jalisco, 2023 _z9786078831272 |
| 791 | 2 |
_aDigitalia (Firm), _edistributor. |
|
| 793 | 0 |
_gDigitalia eBook Collection: _aEl Colegio de Jalisco |
|
| 856 | 4 | 0 |
_3Digitalia Hispánica _uhttps://www.digitaliapublishing.com/a/172259/ |
| 910 | _aPremium collection: 2025 | ||
| 942 | _cRAA | ||
| 999 |
_c291085 _d291085 |
||